|
|
|
|
| LEADER |
01537nam a2200409Ia 4500 |
| 001 |
EBC200637 |
| 003 |
MiAaPQ |
| 005 |
20200520144314.0 |
| 006 |
m o d | |
| 007 |
cr cn||||||||| |
| 008 |
030711s2004 enka sb 001 0 eng d |
| 010 |
|
|
|z 2003015744
|
| 015 |
|
|
|a GBA4-Z9486
|
| 020 |
|
|
|z 0203401425
|
| 020 |
|
|
|z 0415332508 (Hardcover)
|
| 035 |
|
|
|a (MiAaPQ)EBC200637
|
| 035 |
|
|
|a (Au-PeEL)EBL200637
|
| 035 |
|
|
|a (CaPaEBR)ebr10099012
|
| 035 |
|
|
|a (CaONFJC)MIL5381
|
| 035 |
|
|
|a (OCoLC)56559781
|
| 040 |
|
|
|a MiAaPQ
|c MiAaPQ
|d MiAaPQ
|
| 050 |
|
4 |
|a DS5.92
|b .I75 2004
|
| 245 |
0 |
0 |
|a Islamic area studies with geographical information systems
|h [electronic resource] /
|c edited by Okabe Atsuyuki.
|
| 260 |
|
|
|a London ;
|a New York :
|b Routledge,
|c 2004.
|
| 300 |
|
|
|a xxvi, 283 p. :
|b ill. (some col.).
|
| 490 |
1 |
|
|a New horizons in Islamic studies
|
| 504 |
|
|
|a Includes bibliographical references and index.
|
| 533 |
|
|
|a Electronic reproduction. Ann Arbor, MI : ProQuest, 2015. Available via World Wide Web. Access may be limited to ProQuest affiliated libraries.
|
| 650 |
|
0 |
|a Geographic information systems
|z Asia.
|
| 650 |
|
0 |
|a Geographic information systems
|z Islamic countries.
|
| 651 |
|
0 |
|a Asia
|x Geography.
|
| 651 |
|
0 |
|a Islamic countries
|x Geography.
|
| 655 |
|
4 |
|a Electronic books.
|
| 700 |
1 |
|
|a Okabe, Atsuyuki,
|d 1945-
|
| 710 |
2 |
|
|a ProQuest (Firm)
|
| 830 |
|
0 |
|a New horizons in Islamic studies.
|
| 856 |
4 |
0 |
|u https://ebookcentral.proquest.com/lib/matrademy/detail.action?docID=200637
|z Click to View
|